| 000 | 00894cam a22002653a 4500 | ||
|---|---|---|---|
| 001 | 14878 | ||
| 003 | PGUSA | ||
| 005 | 20140828083322.0 | ||
| 008 | 050202s2005||||xxu|||||s|||||000 | eng d | ||
| 040 |
_aPGUSA _beng |
||
| 042 | _adc | ||
| 050 | 4 | _aPT | |
| 100 | 1 |
_aOlson, Oscar Ludvig, _d1872- |
|
| 245 | 1 | 4 |
_aThe Relation of the Hrólfs Saga Kraka and the Bjarkarímur to Beowulf : _bA Contribution To The History Of Saga Development In England And The Scandinavian Countries _h[electronic resource] / _cOscar Ludvig Olson |
| 260 |
_bProject Gutenberg, _c2005 |
||
| 506 | _aPublic domain in the USA. | ||
| 516 | _aElectronic text | ||
| 653 | _aHrólfs saga Kraka | ||
| 653 | _aBeowulf | ||
| 653 | _aBjarkarimur | ||
| 653 | _aEngland -- Civilization -- Scandinavian influences | ||
| 830 | 0 |
_aProject Gutenberg _v14878 |
|
| 856 | 4 | 0 | _uhttp://www.gutenberg.org/ebooks/14878 |
| 942 | _cEB | ||
| 999 |
_c244133 _d244133 |
||